000
00334nam a2200133Ia 4500
008
100328s9999 xx 000 0 und d
082
_b
69782
100
_a
ठाकूर दिलीप.
245
_a
झिंग.
260
_b
श्रीकल्प.
630
_a
झिंग.
730
_a
झिंग.
942
_c
BOOK
999
_c
555512
_d
555509